000 00632nam a22001817a 4500
003 UA-OsUOA
001 18406
007 ta
008 20040507b un ||||| |||| 00| 0 ukr d
100 _aКолодяжний М.
942 _cSA
040 _aUA-OsUOA
_cUA-OsUOA
_dUA-OsUOA
245 _aДобрі справи з продовженням
_b[Про відкриття нової поліклініки у селищі Клесів Сарнен. р-ну]
300 _aС.3
955 _a0
773 0 _w0
_tВісті Рівненщини
_dРівне
_d2004
_g№41/30 квіт./
650 7 _aКраєзнавча робота
_2UDC
999 _c304577
_d304577